Škodlivé činitele a ochrana lesa Zborník referátov z celoslovenského seminára, ktorý sa konal 7.-8.4.1994 v Banskej Štiavnici
Guardado en:
| Otros Autores: | |
|---|---|
| Formato: | Libro |
| Lenguaje: | eslovaco |
| Publicado: |
Zvolen
Lesnícky výskumný ústav
1994
|
| Edición: | 1. vyd. |
| Materias: | |
| Etiquetas: |
Sin Etiquetas, Sea el primero en etiquetar este registro!
|
MARC
| LEADER | 00000nam a2200000 4500 | ||
|---|---|---|---|
| 001 | c005175 | ||
| 005 | 20221214074936.1 | ||
| 020 | |a 80-90116-9-5 | ||
| 041 | 0 | |a slo | |
| 044 | |a SK | ||
| 245 | 1 | 0 | |a Škodlivé činitele a ochrana lesa |b Zborník referátov z celoslovenského seminára, ktorý sa konal 7.-8.4.1994 v Banskej Štiavnici |c Hl. zost. Marek Turčáni |
| 250 | |a 1. vyd. | ||
| 264 | 1 | |a Zvolen |b Lesnícky výskumný ústav |c 1994 | |
| 300 | |a 209 s. | ||
| 610 | 2 | 0 | |a pôdohospodárstvo |
| 610 | 2 | 0 | |a ochrana prírody |
| 610 | 2 | 0 | |a lesy |
| 610 | 2 | 0 | |a Slovensko |
| 610 | 2 | 0 | |a škodcovia rastlinní |
| 700 | 1 | |a Turčáni, Marek | |